[Event "Budapest Spring Festival 2019"]
[Site "Budapest"]
[Date "2019.04.13"]
[Round "5.15"]
[White "Gonda, Laszlo"]
[Black "Popovic, Milan S"]
[Result "1-0"]
[WhiteElo "2527"]
[BlackElo "2332"]
[Annotator "ChessBase"]
[PlyCount "75"]
[EventDate "2019.04.09"]
[EventType "swiss"]
[EventCountry "HUN"]
[SourceTitle "playchess.com"]
[Source "ChessBase"]
[SourceQuality "1"]
[TimeControl "40/5400+30:1800+30"]

1. Nf3 {[%emt 0:01:32]} g6 {[%emt 0:00:09]} 2. g3 {[%emt 0:06:41]} Bg7 {[%emt 0:00:13]} 3. d4 {[%emt 0:00:03]} Nf6 {[%emt 0:00:13]} 4. Bg2 {[%emt 0:00:26]} O-O {[%emt 0:00:26]} 5. O-O {[%emt 0:00:11]} d6 {[%emt 0:00:06]} 6. a4 {[%emt 0:00:28]} Nbd7 {[%emt 0:09:15]} 7. a5 {[%emt 0:02:45]} a6 {[%emt 0:00:33]} 8. c4 {[%emt 0:13:22]} e5 {[%emt 0:04:06]} 9. Nc3 {[%emt 0:00:19]} Re8 {[%emt 0:14:01]} 10. e3 {[%emt 0:31:31]} exd4 {[%emt 0:13:26]} 11. Nxd4 {[%emt 0:00:46]} Ne5 {[%emt 0:09:27]} 12. b3 {[%emt 0:00:44]} Bg4 {[%emt 0:06:27]} 13. f3 {[%emt 0:00:45]} Bd7 {[%emt 0:03:19]} 14. Nde2 {[%emt 0:01:07]} h5 {[%emt 0:11:35]} 15. h3 {[%emt 0:03:14]} Nh7 {[%emt 0:02:10]} 16. e4 {[%emt 0:09:43]} g5 {[%emt 0:07:59]} 17. f4 {[%emt 0:00:10]} Ng6 {[%emt 0:00:48]} 18. Ra2 {[%emt 0:03:07]} gxf4 {[%emt 0:02:48]} 19. gxf4 {[%emt 0:00:03]} Nh4 {[%emt 0:01:19]} 20. Qd3 {[%emt 0:00:13]} Nxg2 {[%emt 0:01:11]} 21. Kxg2 {[%emt 0:01:50]} Nf6 {[%emt 0:03:03]} 22. Kh2 {[%emt 0:01:09]} Qe7 {[%emt 0:02:15]} 23. Rg1 {[%emt 0:00:56]} Kh8 {[%emt 0:02:32]} 24. Ng3 {[%emt 0:02:03]} Rg8 {[%emt 0:00:14]} 25. Nf5 {[%emt 0:00:37]} Bxf5 {[%emt 0:00:58]} 26. exf5 {[%emt 0:00:02]} Bh6 {[%emt 0:03:01]} 27. Re2 {[%emt 0:01:58]} Qd7 {[%emt 0:01:23]} 28. Rg5 {[%emt 0:01:04]} Rae8 {[%emt 0:00:23]} 29. Reg2 {[%emt 0:00:45]} c6 {[%emt 0:00:31]} 30. Bb2 {[%emt 0:12:31]} Kh7 {[%emt 0:00:26]} 31. Qf3 {[%emt 0:01:17]} Qe7 {[%emt 0:00:16]} 32. Re2 {[%emt 0:00:38]} Qf8 {[%emt 0:00:36]} 33. Rxg8 {[%emt 0:00:40]} Qxg8 {[%emt 0:00:31]} 34. Rg2 {[%emt 0:00:04]} Qf8 {[%emt 0:00:15]} 35. Ne2 {[%emt 0:00:21]} Qe7 {[%emt 0:00:15]} 36. Ng3 {[%emt 0:00:57]} Rg8 {[%emt 0:01:03]} 37. Re2 {[%emt 0:00:35]} Ng4+ {[%emt 0:00:44]} 38. Qxg4 {[%emt 0:00:56]} 1-0

[Event "Budapest Spring Festival 2019"]
[Site "Budapest"]
[Date "2019.04.13"]
[Round "5.16"]
[White "Kosic, Dragan"]
[Black "Skomorokhin, Roman"]
[Result "1/2-1/2"]
[WhiteElo "2508"]
[BlackElo "2318"]
[Annotator "TA"]
[PlyCount "95"]
[EventDate "2019.04.09"]
[EventType "swiss"]
[EventCountry "HUN"]
[SourceTitle "playchess.com"]
[Source "ChessBase"]
[SourceQuality "1"]

{[%evp 9,95,0,0,4,40,21,17,13,13,0,0,7,-3,-8,7,-16,0,-18,1,-34,6,-27,-22,-18,0,-10,0,0,21,-7,0,-45,-43,-44,-44,-47,-44,-46,-47,-46,-45,-100,-22,-20,-8,-8,0,-18,0,-8,8,0,0,0,0,0,104,0,0,0,0,0,53,53,55,55,63,0,17,-23,-23,-22,-22,-37,-37,-36,-35,-36,0,0,0,0,0,0,0,-44,0,0]} 1. d4 d5 2. Nf3 Nf6 3. Bf4 c5 4. e3 Nc6 5. Nbd2 (5. c3 Qb6 6. Qc2 g6 7. Nbd2 Bg7 8. h3 O-O 9. Be2 Nd7 10. O-O e5 11. dxe5 Ndxe5 12. Nxe5 Nxe5 13. e4 dxe4 14. Nxe4 {½-½ (23) Laznicka,V (2668)-Nisipeanu,L (2674) Germany 2019}) 5... Qb6 {[%cal Rc5d4]} 6. dxc5 {D02: 1 d4 d5 2 Nf3 sidelines, including 2...Nf6 3 g3 and 2...Nf6 3 Bf4} Qxc5 7. c3 g6 8. a4 $146 ({Predecessor:} 8. Be2 Bg7 9. O-O O-O 10. Rc1 Qa5 11. b4 Qb6 12. b5 Na5 13. Qa4 Bd7 {½-½ (13) Ravi,T (2357)-Fodor,T (2520) Telford 2018}) 8... Bg7 9. Nb3 Qb6 10. a5 Qd8 11. a6 bxa6 12. Bxa6 O-O 13. O-O Qb6 14. Bxc8 Raxc8 15. Ra2 Rfe8 16. Ne5 Nh5 17. Nxc6 Rxc6 18. Qxd5 e5 {[#] Threatens to win with ...Rd6.} (18... Rd8 $5 19. Qa5 $8 Nxf4 20. exf4 Rb8 21. Qxb6 Rcxb6 $11) 19. Bg5 h6 $36 {[%mdl 2048] Black has some pressure.} 20. Rxa7 (20. Bh4 {is interesting.} g5 21. Bg3 Rd8 22. Qa5 f5 23. h3) 20... Qxa7 21. Qxc6 Rb8 $1 {[%cal Rb8b3]} 22. g4 hxg5 23. gxh5 Rxb3 24. hxg6 fxg6 25. Rd1 (25. Qxg6 $15 Rxb2 26. Qxg5) 25... Rb8 (25... Rxb2 $17 26. Qxg6 Qe7) 26. Qxg6 $11 Qe7 27. b4 Rc8 28. b5 Qf6 29. Qe4 Qe6 30. Rd3 Rc4 31. Rd8+ Kf7 32. Qf3+ Ke7 (32... Kg6 $11) 33. Rb8 (33. Ra8 $16 Qg4+ 34. Qxg4 Rxg4+ 35. Kh1) 33... Qg4+ 34. Qxg4 Rxg4+ {[%mdl 4096] Endgame KRB-KR} 35. Kf1 {[#] aiming for b6.} Ra4 (35... Rc4 $11) 36. b6 $14 {[%mdl 1024] Hoping for Rb7+. White has compensation.} Ra1+ 37. Kg2 $1 Rb1 38. Kf3 ({White should try} 38. c4 $1 $14 Kd6 39. Kf3) 38... Bf6 39. Ke4 {Threatening Kf5.} Ke6 40. b7 {Re8+ is the strong threat.} Be7 41. c4 Rb4 42. Kd3 Kd7 43. h3 Bd8 44. Kc3 Rb1 45. Kc2 Rb4 46. Kc3 Rb1 47. Kd3 Rb4 48. Kc3 {Accuracy: White = 53%, Black = 47%.} 1/2-1/2

[Event "Budapest Spring Festival 2019"]
[Site "Budapest"]
[Date "2019.04.13"]
[Round "5.17"]
[White "Ravi, Teja S."]
[Black "Galyas, Miklos"]
[Result "1/2-1/2"]
[WhiteElo "2383"]
[BlackElo "2490"]
[Annotator "TA"]
[PlyCount "64"]
[EventDate "2019.04.09"]
[EventType "swiss"]
[EventCountry "HUN"]
[SourceTitle "playchess.com"]
[Source "ChessBase"]
[SourceQuality "1"]

{[%evp 16,64,26,27,29,0,7,0,5,0,0,8,0,10,22,8,18,11,16,18,11,13,8,0,35,-24,0,-20,50,23,111,15,8,14,7,17,12,18,28,0,29,31,29,29,29,22,22,22,23,8,16]} 1. d4 f5 2. Nf3 Nf6 3. g3 g6 4. Bg2 Bg7 5. O-O O-O 6. b3 d6 7. Bb2 c6 8. Nbd2 a5 9. c4 Na6 {A87: Dutch Defence: Leningrad System: 5 Nf3} 10. Qc2 Qc7 11. a3 Re8 12. e4 fxe4 13. Nxe4 Nxe4 14. Qxe4 {[#]} e5 $146 ({Predecessor:} 14... Bf5 15. Qe3 e5 {0-1 (55) Georgiev,K (2596)-Cheparinov,I (2693) Kozloduy 2018}) 15. dxe5 Bf5 16. Qe3 dxe5 17. Ng5 Bh6 18. h4 Qe7 19. Rad1 Nc5 20. Rd2 (20. Qc3 $14) 20... a4 21. b4 Nb3 (21... Ne6 $1 $11) 22. Re2 $14 Rad8 (22... Bg7 $11) 23. Qxe5 ({White should play} 23. Qa7 $16) 23... Qxe5 $11 24. Rxe5 (24. Bxe5 $2 {is the wrong capture.} Bd3 $19) 24... Nd2 $132 {[%mdl 2048] Black is fighting back} 25. Rc1 Rxe5 26. Bxe5 Rd3 27. b5 (27. Bf4 {feels hotter.} Bf8 28. Be3 Be7 29. Kh2 Kg7 30. Nh3) 27... Bxg5 28. hxg5 Nf3+ 29. Bxf3 $1 Rxf3 30. bxc6 bxc6 31. Bd6 Rd3 32. Bc5 Bg4 {Accuracy: White = 36%, Black = 54%.} 1/2-1/2

[Event "Budapest Spring Festival 2019"]
[Site "Budapest"]
[Date "2019.04.13"]
[Round "5.18"]
[White "Gschnitzer, Adrian"]
[Black "Livaic, Leon"]
[Result "1-0"]
[WhiteElo "2380"]
[BlackElo "2474"]
[Annotator "TA"]
[PlyCount "111"]
[EventDate "2019.04.09"]
[EventType "swiss"]
[EventCountry "HUN"]
[SourceTitle "playchess.com"]
[Source "ChessBase"]
[SourceQuality "1"]

{[%evp 15,111,23,48,-28,-35,-33,-35,-17,-34,-81,-54,-141,-138,-147,-37,-18,-36,-21,-33,-42,0,0,0,0,0,0,28,0,9,-45,-35,-43,-13,-14,-5,-21,-6,-109,-90,-110,-104,-116,-81,-90,18,23,69,72,145,139,141,151,129,8,125,108,127,126,166,172,221,92,127,128,138,140,127,127,128,127,130,141,129,135,131,129,142,141,148,115,92,120,168,115,425,422,422,408,5255,5210,5255,5225,5128,5122,5114,5114,5106,5106]} 1. e4 c5 2. Nf3 d6 3. d4 cxd4 4. Nxd4 Nf6 5. Nc3 a6 6. Be3 e5 7. Nb3 Be6 8. f4 Ng4 9. Qd2 {B90: Sicilian Najdorf: Unusual White 6th moves, 6 Be3 Ng4 and 6 Be3 e5} ({White should try} 9. Bc1 $14) (9. Bd2 exf4 10. Bxf4 Nc6 11. Qd2 Be7 12. O-O-O Nce5 13. h3 Ng6 14. g3 N4e5 15. Nd4 O-O 16. h4 Bg4 {1-0 (40) Perunovic,M (2580)-Damljanovic,B (2573) Kragujevac 2009}) 9... Nxe3 $11 10. Qxe3 exf4 11. Qxf4 {Black is slightly better.} Be7 12. Nd4 O-O 13. Nxe6 (13. h4 $15) 13... fxe6 $17 14. Qg4 Qc8 (14... Bh4+ $17 15. g3 Bg5) 15. O-O-O $146 ({Predecessor:} 15. e5 d5 16. Bd3 Nc6 {0-1 (52) Xie,L (1534)-Li,X (2176) Wuxi 2016}) 15... Nc6 16. Na4 {Hoping for Nb6.} Ne5 17. Qh3 $1 Bg5+ 18. Kb1 {And now Nb6 would win.} Qe8 19. Nb6 Rd8 20. Bc4 Rf6 21. Rhf1 {With the idea Rxf6.} Rh6 22. Qa3 (22. Qb3 $11) 22... Qc6 (22... Rxh2 23. Qg3 $14) 23. Qb3 Nxc4 (23... Rxh2 $2 24. Bxe6+ Kh8 25. Qg3 $18) (23... Re8 $5 {[%cal Rg5d8]} 24. Qb4 Qc5 25. Qxc5 dxc5 $11) 24. Nxc4 b5 (24... Rxh2 $6 25. Qg3 $16) 25. Qg3 Be7 26. Na5 (26. Nd2 $1 $11) 26... Qxe4 $17 27. Rf4 Qa8 $1 28. Rg4 Bf8 29. Rf1 Kh8 (29... Rh5 $17 30. Rg5 Rxg5 31. Qxg5 Rc8) 30. Qc3 $40 {[%mdl 128] White threatens Rxf8+! and mate. Black needs to defend precisely.} e5 31. Qc7 $1 {Rxf8+! would kill now.} Rg6 ({Better is} 31... g6) 32. Rxg6 $16 hxg6 {[#]} 33. Nb7 $1 {[%cal Rb7d8]} Rb8 34. Nxd6 (34. Qd7 $16 {Threatening mate with Qh3+.} e4 35. Qh3+ (35. Nxd6 Bxd6 36. Qxd6 Kh7 $11) 35... Kg8 36. Qe6+ Kh8 37. Qh3+ (37. Nxd6 Bxd6 38. Qxd6 Kh7 $11) 37... Kg8 38. Qe6+ Kh8 39. Na5 (39. Nxd6 Bxd6 40. Qxd6 Kh7 $11)) 34... Bxd6 (34... Qxg2 $11 {remains equal.} 35. Rc1 Bxd6 36. Qxd6 {[%mdl 64] Double Attack} Ra8) 35. Qxd6 {[%mdl 4160] Endgame Double Attack. KQR-KQR} Rd8 36. Qxg6 Qd5 {( -> ...Qd1+!)} 37. a3 Kg8 38. Rf3 (38. Qxa6 $18 {has better winning chances. Black must now prevent Qg6.} Kh7 39. Re1) 38... Rf8 39. Qd3 Qe6 40. Qb3 Re8 41. Qxe6+ Rxe6 {KR-KR} 42. c3 e4 43. Rf2 Kh7 44. Kc2 Kg6 45. g3 Kh5 46. Kd1 e3 47. Rc2 Kg4 48. Ke2 g5 {intending ...Kh3.} 49. b3 (49. c4 $18) 49... Kh3 $2 {[%mdl 8192] [#]} (49... Kf5 $16) 50. c4 $1 $18 bxc4 51. bxc4 {[%cal Bb3c4,Bc4c5,Bc5c6,Bc6c7][%mdl 32]} Kxh2 (51... Kg4 $142 52. c5 Rc6 53. Kxe3 Kf5) 52. c5 {White is clearly winning.} Kxg3 53. c6 Re8 54. c7 Rc8 55. Kxe3 g4 56. Ke4 {Accuracy: White = 55%, Black = 38%.} 1-0

[Event "Budapest Spring Festival 2019"]
[Site "Budapest"]
[Date "2019.04.13"]
[Round "5.19"]
[White "Pranav Anand"]
[Black "Lizak, Peter"]
[Result "1/2-1/2"]
[WhiteElo "2359"]
[BlackElo "2472"]
[Annotator "TA"]
[PlyCount "98"]
[EventDate "2019.04.09"]
[EventType "swiss"]
[EventCountry "HUN"]
[SourceTitle "playchess.com"]
[Source "ChessBase"]
[SourceQuality "1"]

{[%evp 19,98,29,40,23,17,16,17,14,12,14,15,14,18,13,25,13,13,13,14,14,28,36,91,91,108,104,106,104,117,95,102,84,131,67,129,118,128,73,86,84,86,76,132,0,63,60,38,51,61,0,0,0,0,0,0,0,0,0,0,-99,-116,-133,0,0,0,0,0,0,0,0,0,0,0,0,0,0,0,0,0,0,0]} 1. d4 Nf6 2. c4 c5 3. d5 b5 4. cxb5 a6 5. bxa6 g6 6. Nc3 {A58: Benko/Volga Gambit: Lines with 5 bxa6} Bg7 7. Nf3 O-O 8. e4 {[%cal Be2e4,Be4e5][%mdl 32]} Qa5 9. Bd2 Bxa6 10. Be2 Qb4 {LiveBook: 13 Games} 11. e5 Ng4 12. Nb5 Qe4 {Strongly threatening ...Bxb5.} 13. O-O Bxb5 14. Bxb5 {Hoping for Bc3.} Nxe5 15. Nxe5 Qxe5 {[#]} 16. Bc3 $146 {[%mdl 2048] White has good play.} Qd6 17. Bxg7 Kxg7 18. a4 Na6 19. b3 Nc7 20. Bc4 f5 ({Better is} 20... Rfd8 $14) 21. Re1 $16 f4 22. Qf3 Rf5 23. Rad1 Raf8 24. Qe4 Re8 25. f3 Qf6 26. Qd3 (26. a5 $16) 26... d6 (26... Re5 $14) 27. Qd2 Ra8 28. Re4 (28. a5 $142) 28... e6 29. dxe6 d5 {[%cal Bd6d5,Bd5d4,Bd4d3][%mdl 96] Double Attack} 30. Re2 Re8 (30... Rd8 $142) 31. Bb5 (31. Qa5 $16 Re7 32. Bd3 Qd4+ 33. Kf1) 31... Rxe6 (31... Nxb5 $11 32. axb5 Rxe6) 32. Rxe6 $14 Qxe6 33. Bd3 Re5 34. Kf1 (34. a5 $14) 34... d4 $11 35. Bc4 Nd5 {And now ...Ne3+ would win.} 36. Bxd5 Qxd5 37. Qxf4 {[%mdl 4096] Endgame KQR-KQR} Rf5 38. Qb8 d3 {White must now prevent ...Rxf3+!} 39. Qc7+ (39. Qe8 $11) 39... Rf7 $17 40. Qg3 {[#]} Qxb3 (40... h5 $1 $17 41. Qe1 Qxb3) 41. Qe5+ $11 {The position is equal.} Kg8 42. Rd2 Qc4 43. Qe3 Qc1+ 44. Kf2 $1 {[#]} Re7 $1 {[%cal Re7e3][%mdl 512]} 45. Qxe7 Qxd2+ 46. Kg3 Qc3 47. Qe8+ Kg7 48. Qe7+ Kg8 49. Qe8+ Kg7 {Accuracy: White = 71%, Black = 52%.} 1/2-1/2

[Event "Budapest Spring Festival 2019"]
[Site "Budapest"]
[Date "2019.04.13"]
[Round "5.20"]
[White "Abdumalik, Zhansaya"]
[Black "Saravanan, V.."]
[Result "1-0"]
[WhiteElo "2463"]
[BlackElo "2335"]
[Annotator "RC"]
[PlyCount "51"]
[EventDate "2019.04.09"]
[EventType "swiss"]
[EventCountry "HUN"]
[SourceTitle "playchess.com"]
[Source "ChessBase"]
[SourceQuality "1"]
[TimeControl "40/5400+30:1800+30"]

1. e4 {[%emt 0:00:03]} c5 {[%emt 0:00:07]} 2. Nf3 {[%emt 0:00:09]} d6 {[%emt 0:00:07]} 3. d4 {[%emt 0:00:05]} cxd4 {[%emt 0:00:07]} 4. Nxd4 {[%emt 0:00:07]} Nf6 {[%emt 0:00:10]} 5. Nc3 {[%emt 0:00:14]} a6 {[%emt 0:00:06]} 6. h3 {[%emt 0:00:07]} e5 {[%emt 0:00:09]} 7. Nde2 {[%emt 0:00:04]} h5 {[%emt 0:00:14]} 8. g3 {[%emt 0:00:07]} Be6 {[%emt 0:00:15]} 9. Bg2 {[%emt 0:00:43]} Nbd7 {[%emt 0:00:14]} 10. O-O {[%emt 0:02:45]} Be7 {[%emt 0:06:05]} 11. b3 {[%emt 0:03:59]} Rc8 {[%emt 0:07:38]} 12. Be3 {[%emt 0:03:33]} h4 {[%emt 0:12:37]} 13. f4 {[%emt 0:08:45]} Nc5 {[%emt 0:00:57]} 14. g4 {[%emt 0:07:27]} exf4 {[%emt 0:24:45]} 15. Nxf4 {[%emt 0:02:06]} Nh7 {[%emt 0:09:42]} 16. Bd4 {[%emt 0:05:14]} O-O {[%emt 0:05:58]} 17. Ncd5 {[%emt 0:04:40]} Nd7 {[%emt 0:02:13]} 18. Nxe7+ {[%emt 0:03:47]} Qxe7 {[%emt 0:00:07]} 19. Rc1 {[%emt 0:02:48]} Ne5 {[%emt 0:01:39]} 20. Qe1 {[%emt 0:04:49]} Rfe8 {[%emt 0:03:32]} 21. Bf2 {[%emt 0:02:47]} g5 {[%emt 0:00:09]} 22. Ne2 {[%emt 0:04:46]} Nf8 {[%emt 0:09:37]} 23. Nd4 {[%emt 0:03:26]} Nfg6 {[%emt 0:00:09]} 24. Be3 {[%emt 0:02:12]} f6 {[%emt 0:01:21]} 25. Qd2 {[%emt 0:03:52]} Nc6 {[%emt 0:04:09]} 26. e5 {[%emt 0:05:24]} 1-0

[Event "Budapest Spring Festival 2019"]
[Site "Budapest"]
[Date "2019.04.13"]
[Round "5.21"]
[White "Ankit, R. Rajpara"]
[Black "Mosesov, Danylo"]
[Result "1/2-1/2"]
[WhiteElo "2462"]
[BlackElo "2315"]
[Annotator "TA"]
[PlyCount "102"]
[EventDate "2019.04.09"]
[EventType "swiss"]
[EventCountry "HUN"]
[SourceTitle "playchess.com"]
[Source "ChessBase"]
[SourceQuality "1"]

{[%evp 21,102,11,0,-2,25,27,58,54,57,56,107,116,110,93,183,74,230,211,191,179,187,183,208,205,216,204,202,195,210,174,185,177,197,187,185,101,94,79,80,79,79,79,72,81,88,56,82,72,95,96,136,139,221,198,213,149,198,25,35,35,35,35,621,618,29979,29980,29991,649,634,627,567,0,0,0,0,0,0,0,0,0,0,0,0]} 1. d4 Nf6 2. c4 e6 3. g3 Bb4+ 4. Bd2 a5 5. Bg2 d5 6. Nf3 O-O 7. Qc2 c5 {E11: Bogo-Indian} 8. cxd5 cxd4 9. Nxd4 Qb6 10. Nf3 exd5 11. O-O Nc6 {LiveBook: 5 Games} 12. Bg5 Ne4 $146 ({Predecessor:} 12... Be7 13. Nc3 Rd8 14. a4 h6 15. Bf4 {½-½ (32) Ringoir,T (2530)-Hovhannisyan,M (2456) Charleroi 2018}) 13. Be3 Qb5 14. Nc3 Bxc3 15. bxc3 {[%cal Bb2c3,Bc3c4][%mdl 32]} Bf5 (15... Qc4 $14) 16. Nh4 $1 $16 {[%cal Rh4f5]} Ne7 {[#]} 17. c4 $1 $36 {[%mdl 2560] White has strong initiative.} Qd7 (17... Qc6 $16) (17... Qxc4 18. Qxc4) 18. Qb2 (18. Nxf5 $18 {and the rest is easy.} Qxf5 19. cxd5 Nxg3 20. Rfc1) 18... Qe6 $2 (18... Bh3 $16 {keeps fighting.}) 19. cxd5 $1 $18 (19. Qxb7 Rfb8 $11) 19... Nxd5 20. Nxf5 ({Avoid the trap} 20. Qxb7 $2 Rfb8 $19) 20... Qxf5 21. Bd4 {And now f3 would win.} ({Less strong is} 21. Qxb7 Nec3 $14) 21... Nef6 22. Qxb7 Rab8 23. Qa7 Ra8 24. Qc5 Ne4 25. Qc4 Rfe8 26. a3 Rad8 {...Nd2 would now be nice for Black.} 27. Qb5 a4 28. Qd3 ({Better is} 28. Rad1 $18) 28... Ndc3 $16 29. Bxe4 Nxe4 30. Rad1 Qg6 31. Qc4 h5 32. Qxa4 h4 {[%cal Rh4g3]} 33. Qb3 hxg3 34. hxg3 Rb8 35. Qd3 Rbd8 {[#]} 36. Kg2 $1 Rd5 (36... Qc6 $16 {was worth a try.}) 37. Rh1 $18 Red8 38. Qc2 {Strongly threatening Rh4.} Qe6 39. e3 $2 ({White should try} 39. Ba7 $18) 39... Rf5 {aiming for ...Rc8.} 40. f3 Nxg3 $1 41. Qc7 Qa2+ $2 {[%mdl 8192]} (41... Qd5 $14 42. Rh8+ (42. Qxg3 Rg5 $17) 42... Kxh8 43. Bxg7+ Kxg7 44. Rxd5 Rdxd5) 42. Kxg3 {[%cal Rc7d8]} Rg5+ 43. Kf4 {[%cal Rc7d8]} Rgd5 {[#]} 44. Rdg1 (44. Bxg7 $142 $1 Rxd1 (44... Kxg7 45. Rdg1+) 45. Be5 R8d4+ 46. Kg3 Qh2+ 47. Rxh2 Rg1+ 48. Kh3 Rdd1 49. Qc8+ Rd8 50. Qxd8+ Kh7 51. Qh8+ Kg6 52. Qg7+ Kh5 53. Qh7+ Kg5 54. f4#) 44... Rxd4+ 45. exd4 {[%cal Rc7d8]} Qd2+ 46. Kg3 $2 (46. Kg4 $18 {[%cal Rc7d8]} Rxd4+ 47. f4 Qe2+ 48. Kh4) 46... Qg5+ $11 {The position is equal.} 47. Kh3 Qh6+ $1 48. Kg2 Qd2+ 49. Kg3 {[%cal Rc7d8]} Qg5+ 50. Kh2 Qh6+ 51. Kg3 Qg5+ {Precision: White = 61%, Black = 40%.} 1/2-1/2

[Event "Budapest Spring Festival 2019"]
[Site "Budapest"]
[Date "2019.04.13"]
[Round "5.22"]
[White "Rudolf, Michal"]
[Black "Gorodetzky, David"]
[Result "1/2-1/2"]
[WhiteElo "2337"]
[BlackElo "2461"]
[Annotator "TA"]
[PlyCount "98"]
[EventDate "2019.04.09"]
[EventType "swiss"]
[EventCountry "HUN"]
[SourceTitle "playchess.com"]
[Source "ChessBase"]
[SourceQuality "1"]

{[%evp 9,98,0,0,4,22,19,25,13,13,-4,12,0,3,0,23,0,12,-5,-2,-27,-26,-64,-17,-21,-14,-33,11,-47,-39,-28,-6,-4,0,-35,-24,-40,-4,-29,-37,-22,-30,-15,-30,-30,-28,-85,-87,-86,-43,-36,-30,-60,-33,-80,-80,-73,-39,-49,-50,-50,-50,-52,-54,-60,-55,-59,-45,-43,-32,-32,-44,-29,-8,-8,-8,-8,-8,-8,0,0,0,0,0,0,0,0,0,0,0,-8,0]} 1. e4 e6 2. d4 d5 3. Nd2 c5 4. exd5 Qxd5 5. dxc5 Nf6 6. Ngf3 {C07: French Tarrasch: 3...c5, 4 Ngf3 and 4 exd5 Qxd5} Qxc5 7. Bd3 Nbd7 8. O-O {White has an edge.} Qc7 9. Qe2 (9. a4 Be7 10. a5 O-O 11. c3 b6 12. axb6 Nxb6 13. Nb3 {0-1 (54) Demchenko,A (2679)-Vitiugov,N (2719) St Petersburg 2018}) 9... Be7 10. Nb3 O-O 11. Bg5 Re8 $146 ({Predecessor:} 11... b6 12. Rad1 Bb7 13. Bh4 Rad8 14. c3 Qf4 15. Bg3 {1-0 (71) Savic,M (2509)-Cerovic,D (2364) Veliko Gradiste 2015}) 12. a4 e5 {[#] Strongly threatening ...e4!} 13. Nfd2 Nf8 {[%cal Bd7f8,Bf8g6,Bg6h4][%mdl 32]} 14. Bb5 Rd8 15. Ne4 Nd5 16. Bxe7 Qxe7 17. Rfe1 Ng6 18. Qf3 (18. g3 $11) 18... Nh4 19. Qg3 $1 Nf5 20. Qf3 Nh4 21. Qg3 $1 Nf4 $36 {[%mdl 2048] Black has good play.} 22. Bf1 $1 Bf5 23. Ng5 {[#] Qxf4! is the strong threat.} Nhg6 24. Bc4 Ne6 25. Nxe6 Bxe6 26. Bxe6 Qxe6 27. Nc5 (27. Qf3 $11 {remains equal.}) 27... Qc6 $17 28. Qc3 Rac8 29. Ne4 Qb6 30. a5 Qb5 31. Qb3 Qxb3 32. cxb3 Rd4 33. Rad1 Rcd8 34. Rxd4 Rxd4 $15 {[%mdl 4096] Endgame KRN-KRN} 35. Nc5 b6 36. axb6 axb6 37. Na4 Rb4 38. Re3 h5 39. Kf1 f6 40. Rd3 Nf4 41. Rd8+ {The position is equal.} Kf7 42. g3 Ke7 43. Rg8 Nd5 44. Rxg7+ Kd6 45. Rh7 Rxb3 46. Rxh5 b5 47. Nc3 $1 Rxb2 48. Nxd5 Kxd5 49. Rh6 Ke6 {Accuracy: White = 59%, Black = 45%.} 1/2-1/2

[Event "Budapest Spring Festival 2019"]
[Site "Budapest"]
[Date "2019.04.13"]
[Round "5.23"]
[White "Kulkarni, Rakesh"]
[Black "Raja Harshit"]
[Result "1/2-1/2"]
[WhiteElo "2334"]
[BlackElo "2432"]
[Annotator "TA"]
[PlyCount "66"]
[EventDate "2019.04.09"]
[EventType "swiss"]
[EventCountry "HUN"]
[SourceTitle "playchess.com"]
[Source "ChessBase"]
[SourceQuality "1"]

{[%evp 15,66,2,18,0,8,-1,9,0,6,-6,-7,-8,0,-30,-31,-26,-28,-32,-22,-29,-18,-18,-28,-20,-31,-23,-29,-25,-27,-24,-18,-29,-18,-80,-69,-91,-59,-80,-32,-90,-90,-90,-90,-88,-95,-75,-64,-29,-27,-27,-22,-27,0]} 1. e4 c5 2. c3 Nf6 3. e5 Nd5 4. d4 cxd4 5. Nf3 Nc6 6. cxd4 d6 7. Bc4 dxe5 8. dxe5 Ndb4 9. Qxd8+ {B22: Sicilian: 2 c3} Nxd8 10. Na3 Bg4 11. Nd4 {The position is equal.} (11. Bd2 Nbc6 12. Bc3 Bxf3 13. gxf3 a6 14. Nc2 e6 15. Bd3 Rc8 16. Be4 Be7 {½-½ (42) Mamedov,R (2655)-Giri,A (2790) Shamkir 2016}) 11... a6 12. Bd2 e6 13. h3 Bh5 14. O-O $146 ({Predecessor:} 14. Be2 Bxe2 15. Bxb4 Bxb4+ 16. Kxe2 Bc5 {½-½ (50) Ochoa Ramirez,J-Hoffmann,F (2292) ICCF email 2012}) 14... Ndc6 15. Nxc6 Nxc6 16. Rfe1 Rd8 17. Bg5 {Threatens to win with Be2.} Be7 18. Bxe7 Kxe7 19. Rac1 Nb4 20. Nc2 Nxc2 21. Rxc2 Bg6 $36 {[%mdl 2048] Black is more active.} 22. Rc3 Rd2 23. Re2 Rhd8 24. a4 (24. Rxd2 $11 {keeps the balance.} Rxd2 25. b4) 24... Rxe2 $17 25. Bxe2 {[%mdl 4096] Endgame KRB-KRB} Rd2 26. Bf3 Rxb2 27. Rc7+ Kd8 28. Rxb7 Rxb7 29. Bxb7 {KB-KB} a5 30. Bc6 {[#]} Kc7 $1 {[%cal Rc7c6]} 31. Be8 $1 Be4 32. f4 Kd8 33. Bb5 Kc7 {Accuracy: White = 66%, Black = 74%.} 1/2-1/2